Classement des vins de Saint-Emilion 2022 - Statistiques

Statistiques générales
  • Ce quiz a été pris 105 fois
  • Le résultat moyen est 19 sur 85
Statistiques - réponses
1er Grands Crus Classés Nom du château % Correct
A Château Figeac
84%
Château La Tour Figeac
84%
Château Yon-Figeac
84%
A Château Pavie
75%
B Château Canon
59%
B Château Canon La Gaffeliere
56%
B Château Pavie Macquin
53%
B Château Beau-Sejour Becot
50%
B Château Troplong Mondot
47%
B Château Trottevieille
47%
B Clos Fourtet
44%
B La Mondotte
44%
B Château Belair Monange
41%
B Château Larcis Ducasse
38%
B Château Valandraud
38%
B Château Beausejour Heritiers Duffau Lagarrosse
34%
Château Grand Corbin
31%
Château Bellevue
28%
Château Corbin
25%
Château Barde-Haut
22%
Château Bellefont-Belcier
22%
Château Faugeres
22%
Château Fombrauge
22%
Château Grand Corbin-Despagne
22%
Château Peby Faugeres
22%
Château Petit Faurie De Soutard
22%
Château Soutard
22%
Clos Des Jacobins
22%
Château Balestard La Tonnelle
19%
Retour Dans Le Classement Château Corbin Michotte
19%
Château De Pressac
19%
Château Jean Faure
19%
Couvent Des Jacobins
19%
Château Cap De Mourlin
16%
Château Clos De Sarpe
16%
Château Croix De Labrie
16%
Château Dassault
16%
Château Fleur Cardinale
16%
Nouvel Entrant Dans Le Classement Château La Confession
16%
Château La Dominique
16%
Château Laniote
16%
Château Laroque
16%
Château Laroze
16%
Château Le Chatelet
16%
Nouvel Entrant Dans Le Classement Château Mangot
16%
Château Moulin Du Cadet
16%
Nouvel Entrant Dans Le Classement Clos Saint-Julien
16%
Nouvel Entrant Dans Le Classement Lassegue
16%
Nouvel Entrant Dans Le Classement Château Badette
13%
Château Berliquet
13%
Nouvel Entrant Dans Le Classement Château Boutisse
13%
Château Cadet-Bon
13%
Château Chauvin
13%
Château Cote De Baleau
13%
Château De Ferrand
13%
Château Fonplégade
13%
Château Fonroque
13%
Château Franc Mayne
13%
Château Grand Mayne
13%
Château Guadet
13%
Château Haut-Sarpe
13%
Château La Commanderie
13%
Château La Marzelle
13%
Château Monbousquet
13%
Nouvel Entrant Dans Le Classement Château Montlabert
13%
Nouvel Entrant Dans Le Classement Château Montlisse
13%
Château Ripeau
13%
Nouvel Entrant Dans Le Classement Château Rol Valentin
13%
Château Saint-Georges
13%
Château Sansonnet
13%
Château Villemaurine
13%
Clos De L’oratoire
13%
Château Destieux
9%
Château La Couspaude
9%
Nouvel Entrant Dans Le Classement Château La Croizille
9%
Château La Fleur Morange
9%
Château Larmande
9%
Château La Serre
9%
Château Le Prieuré
9%
Château Rochebelle
9%
Nouvel Entrant Dans Le Classement Château Tour Baladoz
9%
Nouvel Entrant Dans Le Classement Château Tour Saint Christophe
9%
Nouvel Entrant Dans Le Classement Clos Badon Thunevin
9%
Nouvel Entrant Dans Le Classement Clos Dubreuil
6%
Clos Saint-Martin
6%
Aucun quiz correspondant
Distribution des résultats
% des personnes avec chaque résultat
Percentile par nombre de réponses
Votre historique - résultats
Vous n’avez pas pris ce quiz